000 00578nam a2200193Ia 4500
003 GCL
008 140319s9999 xx 000 0 ara d
040 _aGCL /
_cGCL
082 0 4 _a410
_bى م
100 1 _aيحيى وهيب الجبورى
245 1 0 _aمنهج البحث وتحقيق النصوص /
_cيحيى وهيب الجبورى
260 _a[S.N] :
_bدار العربية للعلوم ،
_c1993
300 _a202 ص
490 _a
650 0 4 _aطرق البحث
650 0 4 _aاللغة العربية
650 0 4 _aالبحث العربى
942 _2ddc
_cBK
999 _c55356
_d55356